| 000 | 00341nam a2200133Ia 4500 | ||
|---|---|---|---|
| 005 | 20260328104246.0 | ||
| 008 | 260328s9999||||xx |||||||||||||| ||und|| | ||
| 100 | _aStillman, Andrea G. | ||
| 245 | 0 |
_aAnsel Adams : _b400 Photographs / _cAndrea G. Stillman |
|
| 260 | _bLittle Brown | ||
| 300 | _a439 p. | ||
| 650 | _aFOTOGRAFÍA | ||
| 942 | _cBK | ||
| 999 |
_c10070 _d10070 |
||